Thanksgiving: Multiple Choice Quiz Stats

 Plays Quiz Updated Nov 15, 2018

Score 0/10 Timer 02:00
1 Play Today
Question Answer Wrong Answers
In what colony in the United States did the first American Thanksgiving take place? Massachusetts
80.2%
Maine
2.9%
New Hampshire
4.8%
Delaware
9%
Which President decided to make Thanksgiving a National Holiday in 1863? Abraham Lincoln
70.8%
Benjamin Franklin
5.3%
George Washington
4.9%
Thomas Jefferson
13.5%
In 1941 the President signed a bill in Congress officially making the fourth Thursday in November the National Holiday of Thanksgiving. Which President was that? Franklin D Roosevelt
63.3%
Theodore Roosevelt
11.7%
Herbert Hoover
4.3%
Harry S Truman
11.4%
At the first Thanksgiving, which tribe of Native Americans joined the early settlers and turned their fast into a feast? Wampanoag
54.8%
Cherokee
11.3%
Sioux
7.8%
Iroquois
23.7%
Which was the first year the Pilgrims celebrated Thanksgiving? 1621
53.4%
1625
14.3%
1631
14%
1640
17.8%
How many days did the first Thanksgiving celebration last? 3 days
51.3%
10 days
10.3%
7 days
24.9%
21 days
5.8%
In New York, what decade did Macy's Thanksgiving Parade begin? 1920's
46.5%
1990's
3.6%
1950's
27.4%
1970's
9.8%
What is the number of turkeys eaten in USA on Thanksgiving? 46 million
41.6%
83 million
31.7%
17 million
14.1%
4 million
5.7%
What state raises the most turkeys? Minnesota
27.9%
Pennsylvania
39.7%
Rhode Island
8.2%
New York
13.3%
Which of the following foods was not present at the first Thanksgiving dinner? Cranberries
26.5%
Maple Syrup
36.3%
Lobster
28.2%
Squash
5%

You're not logged in!

Compare scores with friends on all Sporcle quizzes.
OR
Log In

Show Comments

Extras

Top Quizzes Today


Score Distribution

Your Account Isn't Verified!

In order to create a playlist on Sporcle, you need to verify the email address you used during registration. Go to your Sporcle Settings to finish the process.

Report this User

Report this user for behavior that violates our Community Guidelines.

Details: